000 00322nam a2200157Ia 4500
100 _aGiri/N.K
650 _aAUTOMOBILE
942 _cBK
366 _f10
654 _aautomobile
245 _aAutomobile Mechanics
260 _bKhanna publishers
_c1979
082 _a629.2
_bGIR
300 _a1015
546 _aENGLISH
999 _c30330
_d30330